Opere /

Uloženo v:
Podrobná bibliografie
Hlavní autor: Wilde, Oscar
Další autoři: D'Amico, Masolino
Médium: Kniha
Vydáno: Milano Mondadori 2009
Vydání:5 ed.
Edice:I Meridiani
Tagy: Přidat tag
Žádné tagy, Buďte první, kdo vytvoří štítek k tomuto záznamu!

MARC

LEADER 00000nam a22000007i 4500
001 CDOM0000004197
003 mi
005 20251003164612.0
008 050419s2004 it |||||| ||||| |||||c
020 |a 9788804479062 
040 |c mi 
100 |a Wilde, Oscar 
245 1 |a Opere /  |c Oscar Wilde ; a cura di Masolino d'Amico. 
250 |a 5 ed. 
250 |a nuova edizione riveduta e accresciuta 
260 |a Milano  |b Mondadori  |c 2009 
300 |a LI, 1690 p. ;  |c 18 cm 
410 0 |a I Meridiani 
700 |a D'Amico, Masolino 
830 |a I Meridiani 
942 |2 ddc  |c BK 
952 |0 0  |1 0  |2 ddc  |4 0  |7 0  |9 7267  |a MI  |b MI  |d 2010-01-27  |i 5828  |l 0  |p CDOM5828  |r 2025-07-13 16:28:00  |w 2025-07-13  |x ACQUISTO  |y BK 
999 |c 5975  |d 5975